Statistiken für Torschützenkönige in der Geschichte des VfL Wolfsburg

Klicken Sie hier um das Quiz zu spielen!

Allgemein

  • Dieses Quiz wurde 30 mal gespielt
  • Das Durchschnittsergebnis liegt bei 3 aus 10

Antwortstatistiken

ToreNationalitätSpieler% Korrekt
85Bosnien und HerzegowinaEdin Dzeko
100%
75BrasilienGrafite
96%
70NiederlandeWout Weghorst
89%
71ArgentinienDiego Klimowicz
37%
95DeutschlandSiegfried Reich
7%
111DeutschlandFrank Plagge
0%
70DeutschlandHans Kircher
0%
69DeutschlandMatthias Fiebich
0%
123DeutschlandOlaf Ansorge
0%
69DeutschlandWilfried Kemmer
0%

Verteilung der Resultate

Perzentil nach korrekt beantworteten Fragen

Anzahl Personen mit jedem Resultat

Ihre Resultats-Entwicklung

Sie haben dieses Quiz noch nicht gespielt